000
00285nam a22001217a 4500
082
_a
030
_b
FUN/S-17
100
_a
FUNK
100
_a
WAGNALLS
245
_a
NEW ENCYCLOPEDIA OF SCIENCE: VOL 17: RAI -SCH
260
_a
WISCONSIN
_b
RAINTREE
650
_a
ENCYCLOPEDIA
_z
AMERICA
942
_c
BK
999
_c
1949
_d
1949